OAP (Record no. 119071)

MARC details
000 -LEADER
fixed length control field 00662cas a22002175a 4500
001 - CONTROL NUMBER
control field L139136
008 - FIXED-LENGTH DATA ELEMENTS--GENERAL INFORMATION
fixed length control field 070723d19711972xxkmr p 0 a0eng u
035 ## - SYSTEM CONTROL NUMBER
System control number (Sirsi) u139136
041 0# - LANGUAGE CODE
Language code of text/sound track or separate title eng
240 ## - UNIFORM TITLE
Uniform title Official Architecture and Planning
245 00 - TITLE STATEMENT
Title OAP
Remainder of title Journal for the Built Environment
260 ## - PUBLICATION, DISTRIBUTION, ETC.
Place of publication, distribution, etc. London
Name of publisher, distributor, etc. Architecture and Planning Publications Ltd
Date of publication, distribution, etc. 1971-1972
362 0# - DATES OF PUBLICATION AND/OR SEQUENTIAL DESIGNATION
Dates of publication and/or sequential designation 35(1) January 1972-35(3) March 1975
520 ## - SUMMARY, ETC.
Summary, etc. Bound with Built Environment.
554 ## -
-- 12 per year
651 #4 - SUBJECT ADDED ENTRY--GEOGRAPHIC NAME
Geographic name United Kingdom
Chronological subdivision
690 ## - LOCAL SUBJECT ADDED ENTRY--TOPICAL TERM (OCLC, RLIN)
Topical term or geographic name as entry element BUILT ENVIRONMENT
780 00 - PRECEDING ENTRY
Title Official Architecture and Planning
785 00 - SUCCEEDING ENTRY
Title Built Environment
942 ## - ADDED ENTRY ELEMENTS (KOHA)
Suppress in OPAC 0
Holdings
Withdrawn status Lost status Source of classification or shelving scheme Damaged status Not for loan Home library Current library Shelving location Date acquired Total Checkouts Full call number Barcode Date last seen Price effective from Koha item type
    Dewey Decimal Classification     London London Gallery 23/07/2007   BUILT ENVIRONMENT 139136-1001 06/08/2019 06/08/2019 Journal